000 00692nmm a2200241 a 4500
003 AR-BaBNM
005 20251128205500.0
008 057119s1937 ||||||||||||||000 | spa||
040 _cAR-BaBNM
100 1 _aSoares, Ernesto E.
245 1 0 _aFerrocarriles argentinos
_bsus orígenes, antecedentes legales, leyes que los rigen y reseñas estadísticas
260 _aBuenos Aires
_bCompañía Impresora Argentina
_c1937
300 0 _a206 p.
_btablas
500 0 _aEstadística p. 193-201
650 4 _aPUERTOS
650 4 _aTRANSPORTE MARITIMO
650 4 _aFERROCARRILES
650 4 _aSOCIOLOGIA
650 4 _aTRANSPORTE
650 4 _aECONOMIA
942 _cBK
998 _cmariana
999 _c11569
_d11569